000 01815nam0a2200385 4500
001 RU\NLR\bibl\1384186
005 20250615194523.0
010 _a978-5-98124-310-3
_95000
021 _aRU
_b2009-32904
_91984
035 _a(nilc)RSL-KNO-004320209
035 _a(NLR Aleph) 001376259
090 _a1073377
_c1073377
100 _a20090413d2009 |||y0rusy50 ca
101 1 _arus
_ceng
102 _aRU
105 _ac zzzz|||||
200 1 _aКак работать по четыре часа в неделю
_eи при этом не торчать в офисе "от звонка до звонка", жить где угодно и богатеть
_fТимоти Феррис
_g[пер. с англ.: У. Сапцина]
210 _aМосква
_cДобрая книга
_d2009 (печ. 2008)
215 _a308 с.
_cпортр.
_d22
225 1 _aВсемирный бестселлер
300 _aЗагл. и авт. ориг.: The 4-hour workweek / Timothy Ferriss
454 0 _12001#$aThe 4-hour workweek$fTimothy Ferriss
_1700#1$aFerriss$bT.$gTimothy$4070
_tThe 4-hour workweek
_aFerriss, Timothy
606 1 _aБюджет времени
_xУправление
_xСоциально-психологические исследования
_92072830
_3RU\NLR\AUTH\661247685
606 1 _aТруд
_xОрганизация
_xСоциологические исследования
_91994316
_3RU\NLR\AUTH\661201290
686 1 _aЮ935.113.921
686 1 _aС550.45
686 1 _aС550.44
700 1 _4070
_aФеррис
_bТ.
_f1977-
_gТимоти
_9180633
_3RU\NLR\AUTH\770180684
801 0 _aRU
_bРКП
_c20090413
_grcr
801 1 _aRU
_bРГБ
_c20090413
801 2 _aRU
_bNLR
_c20090622
_grcr
942 _cBOOK
980 _aNB